| 000 | 01343nam0a22003011 4500 | ||
|---|---|---|---|
| 001 | rc\3389816 | ||
| 005 | 20250609224730.0 | ||
| 021 |
_aRU _b[69-58145] |
||
| 035 | _a(NLR Aleph) 007538106 | ||
| 090 |
_a9740801 _c9740801 |
||
| 100 | _a20130115d1969 |||y0rusy50 ca | ||
| 101 | 0 | _arus | |
| 102 | _aRU | ||
| 105 | _aa z ||||| | ||
| 200 | 1 | _aБиофизические методы в защите растений от вредителей и болезней | |
| 210 |
_aЛенинград _cКолос. [Ленингр. отд-ние] _d1969 |
||
| 215 |
_a151 с. _cил. _d20 |
||
| 300 | _aПеред загл. авт.: С.В. Андреев, канд. биол. наук, Б.К. Мартенс, канд. техн. наук, В.А. Молчанова, канд. с.-х. наук | ||
| 320 | _aБиблиогр.: с. 149 | ||
| 606 |
_aСельскохозяйственные культуры _xБолезни и вредители _xБиофизические методы борьбы _2psbo |
||
| 700 | 1 |
_aАндреев _bС.В. _gСергей Васильевич |
|
| 701 | 1 |
_aМартенс _bБ.К. _gБорис Константинович |
|
| 701 | 1 |
_aМолчанова _bВ.А. _gВера Антоновна |
|
| 801 | 0 |
_aRU _bNLR _gpsbo |
|
| 801 | 1 |
_aRU _bELAR _2rusmarc |
|
| 852 |
_aNLR _j69-3/5405 |
||
| 942 | _cBOOK | ||
| 980 | _aNB | ||